[Event "Team Championship of Russia (rapid)"]
[Site "Sochi"]
[Date "2015.05.09"]
[Round "8.35"]
[White "Bocharov, Ivan"]
[Black "Talanin, Andrei"]
[Result "1-0"]
[LiveChessVersion "1.4.4"]
[BlackElo "2278"]
[WhiteElo "2404"]
[BlackTeam "SK Volga"]

1. f4 {[%clk 0:15:19]} d5 {[%clk 0:15:05]} 2. Nf3 {[%clk 0:15:28]} Nf6
{[%clk 0:14:42]} 3. g3 {[%clk 0:15:36]} Bf5 {[%clk 0:14:30]} 4. Bg2
{[%clk 0:15:44]} e6 {[%clk 0:14:36]} 5. O-O {[%clk 0:15:50]} Be7 {[%clk 0:14:31]}
6. d3 {[%clk 0:15:59]} h6 {[%clk 0:14:07]} 7. Nc3 {[%clk 0:16:06]} Nbd7
{[%clk 0:14:07]} 8. Qe1 {[%clk 0:16:08]} Nc5 {[%clk 0:13:37]} 9. Be3
{[%clk 0:16:13]} O-O {[%clk 0:13:05]} 10. Bd4 {[%clk 0:16:20]} Na6
{[%clk 0:12:12]} 11. e4 {[%clk 0:16:22]} Bg4 {[%clk 0:11:35]} 12. exd5
{[%clk 0:15:28]} exd5 {[%clk 0:11:27]} 13. Ne5 {[%clk 0:15:33]} Bf5
{[%clk 0:10:31]} 14. g4 {[%clk 0:14:55]} Bxg4 {[%clk 0:09:00]} 15. Nxd5
{[%clk 0:14:51]} Nxd5 {[%clk 0:07:58]} 16. Nxg4 {[%clk 0:14:58]} Bc5
{[%clk 0:06:59]} 17. Nxh6+ {[%clk 0:14:56]} Kh7 {[%clk 0:06:51]} 18. Nf5
{[%clk 0:14:21]} Re8 {[%clk 0:05:41]} 19. Qf2 {[%clk 0:14:13]} Bxd4
{[%clk 0:03:56]} 20. Qxd4 {[%clk 0:14:19]} Nf6 {[%clk 0:04:03]} 21. Bxb7
{[%clk 0:14:04]} Qxd4+ {[%clk 0:03:46]} 22. Nxd4 {[%clk 0:14:13]} Rad8
{[%clk 0:03:55]} 23. Nc6 {[%clk 0:14:20]} Rd6 {[%clk 0:03:28]} 24. Bxa6
{[%clk 0:14:28]} Re2 {[%clk 0:03:34]} 25. d4 {[%clk 0:14:28]} Rd2
{[%clk 0:03:19]} 26. Bd3+ {[%clk 0:14:31]} g6 {[%clk 0:03:28]} 27. Ne5
{[%clk 0:14:34]} Rxd4 {[%clk 0:03:17]} 28. Nf3 {[%clk 0:14:43]} 1-0

[Event "Team Championship of Russia (rapid)"]
[Site "Sochi"]
[Date "2015.05.09"]
[Round "8.36"]
[White "Shumilina, Alexandra"]
[Black "Mikhel, Vladislav"]
[Result "1-0"]
[LiveChessVersion "1.4.4"]
[BlackElo "2334"]
[WhiteElo "2344"]

1. e4 {[%clk 0:15:18]} c5 {[%clk 0:15:18]} 2. c3 {[%clk 0:15:27]} e5
{[%clk 0:15:27]} 3. Nf3 {[%clk 0:15:32]} Nc6 {[%clk 0:15:36]} 4. Bc4
{[%clk 0:15:40]} Be7 {[%clk 0:15:45]} 5. O-O {[%clk 0:15:18]} Nf6
{[%clk 0:15:52]} 6. Re1 {[%clk 0:15:25]} O-O {[%clk 0:16:00]} 7. d4
{[%clk 0:15:28]} d6 {[%clk 0:16:05]} 8. h3 {[%clk 0:15:22]} Qc7 {[%clk 0:16:13]}
9. dxe5 {[%clk 0:15:26]} dxe5 {[%clk 0:16:22]} 10. Qe2 {[%clk 0:15:24]} h6
{[%clk 0:16:25]} 11. Nbd2 {[%clk 0:15:30]} Na5 {[%clk 0:16:30]} 12. Bd3
{[%clk 0:15:35]} Be6 {[%clk 0:16:37]} 13. Nf1 {[%clk 0:15:21]} Rfd8
{[%clk 0:16:35]} 14. Ng3 {[%clk 0:14:47]} c4 {[%clk 0:16:42]} 15. Bc2
{[%clk 0:14:56]} b5 {[%clk 0:16:40]} 16. Nh4 {[%clk 0:14:52]} Bf8
{[%clk 0:16:34]} 17. Nhf5 {[%clk 0:14:48]} Nb7 {[%clk 0:16:00]} 18. Qf3
{[%clk 0:13:41]} Nh7 {[%clk 0:15:53]} 19. Be3 {[%clk 0:12:57]} Nc5
{[%clk 0:15:40]} 20. Bxc5 {[%clk 0:12:48]} Qxc5 {[%clk 0:15:44]} 21. Rad1
{[%clk 0:12:40]} a5 {[%clk 0:15:16]} 22. Ne3 {[%clk 0:11:47]} Ng5
{[%clk 0:14:47]} 23. Qe2 {[%clk 0:11:52]} b4 {[%clk 0:14:40]} 24. Nd5
{[%clk 0:10:10]} Rd6 {[%clk 0:11:32]} 25. h4 {[%clk 0:09:10]} Nh7
{[%clk 0:11:36]} 26. Nf1 {[%clk 0:07:07]} f5 {[%clk 0:08:58]} 27. Nfe3
{[%clk 0:06:39]} fxe4 {[%clk 0:08:28]} 28. Bxe4 {[%clk 0:06:45]} Rc8
{[%clk 0:06:29]} 29. Qh5 {[%clk 0:06:01]} Nf6 {[%clk 0:05:50]} 30. Nxf6+
{[%clk 0:03:32]} gxf6 {[%clk 0:05:58]} 31. Rxd6 {[%clk 0:03:34]} Qxd6
{[%clk 0:06:01]} 32. Qg6+ {[%clk 0:03:22]} Bg7 {[%clk 0:06:07]} 33. Rd1
{[%clk 0:03:30]} Qe7 {[%clk 0:05:18]} 34. Bd5 {[%clk 0:03:23]} Bxd5
{[%clk 0:04:33]} 35. Nf5 {[%clk 0:03:28]} Qc7 {[%clk 0:02:34]} 36. Rxd5
{[%clk 0:03:18]} a4 {[%clk 0:02:29]} 37. Rc5 {[%clk 0:03:24]} 1-0

[Event "Team Championship of Russia (rapid)"]
[Site "Sochi"]
[Date "2015.05.09"]
[Round "9.1"]
[White "Alekseev, Evgeny"]
[Black "Nepomniachtchi, Ian"]
[Result "1/2-1/2"]
[LiveChessVersion "1.4.4"]
[BlackElo "2700"]
[WhiteElo "2801"]
[BlackTeam "SHSM-Our Heritage-1"]
[WhiteTeam "University"]

1. e4 {[%clk 0:15:18]} g6 {[%clk 0:15:19]} 2. d4 {[%clk 0:15:25]} Nf6
{[%clk 0:15:28]} 3. Nc3 {[%clk 0:14:46]} d6 {[%clk 0:15:35]} 4. Nf3
{[%clk 0:14:51]} a6 {[%clk 0:15:42]} 5. Be2 {[%clk 0:14:43]} Bg7 {[%clk 0:15:51]}
6. O-O {[%clk 0:14:47]} O-O {[%clk 0:15:59]} 7. Qd3 {[%clk 0:14:36]} Nc6
{[%clk 0:15:50]} 8. Bf4 {[%clk 0:14:02]} Nd7 {[%clk 0:15:12]} 9. Rad1
{[%clk 0:13:28]} e5 {[%clk 0:14:26]} 10. dxe5 {[%clk 0:13:03]} Ndxe5
{[%clk 0:14:32]} 11. Nxe5 {[%clk 0:12:56]} Nxe5 {[%clk 0:14:26]} 12. Qd2
{[%clk 0:12:46]} Be6 {[%clk 0:14:21]} 13. Bh6 {[%clk 0:12:37]} Bxh6
{[%clk 0:13:53]} 14. Qxh6 {[%clk 0:12:46]} f5 {[%clk 0:14:02]} 15. exf5
{[%clk 0:12:30]} Bxf5 {[%clk 0:12:29]} 16. Qd2 {[%clk 0:12:03]} Nf7
{[%clk 0:11:21]} 17. Nd5 {[%clk 0:10:06]} c6 {[%clk 0:11:20]} 18. Ne3
{[%clk 0:10:15]} Qd7 {[%clk 0:09:34]} 19. h3 {[%clk 0:08:55]} Rae8
{[%clk 0:09:28]} 20. Bg4 {[%clk 0:08:58]} Be6 {[%clk 0:09:33]} 21. Rfe1
{[%clk 0:08:56]} h5 {[%clk 0:08:58]} 22. Be2 {[%clk 0:08:00]} Qd8
{[%clk 0:09:06]} 23. Qd4 {[%clk 0:07:53]} Qg5 {[%clk 0:07:35]} 24. h4
{[%clk 0:07:31]} Qe7 {[%clk 0:07:43]} 25. Qf4 {[%clk 0:07:17]} d5
{[%clk 0:06:54]} 26. c4 {[%clk 0:06:35]} dxc4 {[%clk 0:06:48]} 27. Bxc4
{[%clk 0:06:36]} Bxc4 {[%clk 0:06:56]} 28. Qxc4 {[%clk 0:05:28]} Kh7
{[%clk 0:06:43]} 29. Qf4 {[%clk 0:04:44]} Nh6 {[%clk 0:06:19]} 30. Qg3
{[%clk 0:03:14]} Qf7 {[%clk 0:06:26]} 31. b3 {[%clk 0:03:13]} b5 {[%clk 0:06:04]}
32. Rc1 {[%clk 0:02:53]} Re6 {[%clk 0:06:13]} 33. Red1 {[%clk 0:02:56]} Qe7
{[%clk 0:05:51]} 34. Rd3 {[%clk 0:01:57]} Rf7 {[%clk 0:05:29]} 35. Qg5
{[%clk 0:01:46]} Qa3 {[%clk 0:04:57]} 36. Rc2 {[%clk 0:01:45]} Ref6
{[%clk 0:03:52]} 37. Rd7 {[%clk 0:01:10]} Re6 {[%clk 0:03:26]} 38. Rcd2
{[%clk 0:00:35]} 1/2-1/2

[Event "Team Championship of Russia (rapid)"]
[Site "Sochi"]
[Date "2015.05.09"]
[Round "9.2"]
[White "Najer, Evgeniy"]
[Black "Aleksandrov, Aleksej"]
[Result "1-0"]
[LiveChessVersion "1.4.4"]
[BlackElo "2685"]
[WhiteElo "2667"]
[WhiteTeam "SHSM-Our Heritage-1"]

1. e4 {[%clk 0:15:18]} e5 {[%clk 0:15:19]} 2. Nf3 {[%clk 0:15:27]} Nc6
{[%clk 0:15:27]} 3. Bb5 {[%clk 0:15:14]} Nf6 {[%clk 0:15:36]} 4. d3
{[%clk 0:15:23]} d6 {[%clk 0:15:43]} 5. O-O {[%clk 0:15:26]} Be7 {[%clk 0:15:51]}
6. h3 {[%clk 0:15:12]} O-O {[%clk 0:15:49]} 7. c3 {[%clk 0:15:02]} a6
{[%clk 0:15:46]} 8. Ba4 {[%clk 0:15:05]} Re8 {[%clk 0:15:49]} 9. Re1
{[%clk 0:15:08]} Bf8 {[%clk 0:15:57]} 10. Nbd2 {[%clk 0:15:11]} b5
{[%clk 0:16:00]} 11. Bc2 {[%clk 0:15:08]} g6 {[%clk 0:16:09]} 12. Nf1
{[%clk 0:15:07]} Bg7 {[%clk 0:16:17]} 13. Ng3 {[%clk 0:15:14]} d5
{[%clk 0:16:22]} 14. Bg5 {[%clk 0:14:38]} Be6 {[%clk 0:13:59]} 15. d4
{[%clk 0:13:32]} h6 {[%clk 0:12:41]} 16. dxe5 {[%clk 0:12:08]} Nxe5
{[%clk 0:12:18]} 17. Bf4 {[%clk 0:11:31]} Nc6 {[%clk 0:08:15]} 18. e5
{[%clk 0:09:23]} Nd7 {[%clk 0:08:24]} 19. Qd2 {[%clk 0:05:15]} g5
{[%clk 0:07:32]} 20. Nxg5 {[%clk 0:05:24]} hxg5 {[%clk 0:07:32]} 21. Bxg5
{[%clk 0:05:32]} f6 {[%clk 0:07:36]} 22. exf6 {[%clk 0:05:41]} Bxf6
{[%clk 0:07:37]} 23. h4 {[%clk 0:05:50]} Nce5 {[%clk 0:06:25]} 24. f4
{[%clk 0:05:42]} Ng4 {[%clk 0:03:12]} 25. Rxe6 {[%clk 0:03:13]} Rxe6
{[%clk 0:03:10]} 26. Bf5 {[%clk 0:03:17]} Re3 {[%clk 0:02:02]} 27. Nf1
{[%clk 0:02:58]} Re7 {[%clk 0:01:12]} 28. Qxd5+ {[%clk 0:02:57]} Rf7
{[%clk 0:01:01]} 29. Be6 {[%clk 0:01:49]} c6 {[%clk 0:01:06]} 30. Bxf7+
{[%clk 0:01:08]} Kf8 {[%clk 0:01:02]} 31. Qf5 {[%clk 0:01:00]} Qb6+
{[%clk 0:00:43]} 32. Kh1 {[%clk 0:01:08]} Qf2 {[%clk 0:00:18]} 33. Qxg4
{[%clk 0:01:00]} Bxg5 {[%clk 0:00:26]} 34. hxg5 {[%clk 0:00:51]} 1-0

[Event "Team Championship of Russia (rapid)"]
[Site "Sochi"]
[Date "2015.05.09"]
[Round "9.3"]
[White "Tregubov, Pavel V."]
[Black "Grachev, Boris"]
[Result "1/2-1/2"]
[LiveChessVersion "1.4.4"]
[BlackElo "2665"]
[WhiteElo "2671"]
[BlackTeam "SHSM-Our Heritage-1"]
[WhiteTeam "University"]

1. d4 {[%clk 0:15:19]} d5 {[%clk 0:15:19]} 2. c4 {[%clk 0:15:28]} e6
{[%clk 0:15:28]} 3. Nf3 {[%clk 0:15:36]} Nf6 {[%clk 0:15:37]} 4. Nc3
{[%clk 0:15:45]} Nbd7 {[%clk 0:15:46]} 5. cxd5 {[%clk 0:15:41]} exd5
{[%clk 0:15:55]} 6. Bg5 {[%clk 0:15:50]} c6 {[%clk 0:15:54]} 7. e3
{[%clk 0:15:58]} Be7 {[%clk 0:15:54]} 8. Qc2 {[%clk 0:15:51]} Nh5
{[%clk 0:15:58]} 9. Bxe7 {[%clk 0:15:46]} Qxe7 {[%clk 0:16:05]} 10. Be2
{[%clk 0:15:37]} g6 {[%clk 0:15:20]} 11. O-O {[%clk 0:15:43]} O-O
{[%clk 0:15:21]} 12. Rfe1 {[%clk 0:15:38]} Ndf6 {[%clk 0:14:52]} 13. Bd3
{[%clk 0:15:26]} Ng7 {[%clk 0:14:54]} 14. e4 {[%clk 0:12:19]} dxe4
{[%clk 0:14:52]} 15. Nxe4 {[%clk 0:12:27]} Nxe4 {[%clk 0:14:02]} 16. Bxe4
{[%clk 0:12:35]} Qd6 {[%clk 0:13:44]} 17. Qb3 {[%clk 0:11:39]} Rb8
{[%clk 0:11:30]} 18. d5 {[%clk 0:11:10]} Bf5 {[%clk 0:10:49]} 19. dxc6
{[%clk 0:09:58]} bxc6 {[%clk 0:10:07]} 20. Qc2 {[%clk 0:09:39]} Rfe8
{[%clk 0:08:54]} 21. b3 {[%clk 0:09:45]} Bxe4 {[%clk 0:07:14]} 22. Rxe4
{[%clk 0:09:51]} Rxe4 {[%clk 0:07:23]} 23. Qxe4 {[%clk 0:10:00]} Re8
{[%clk 0:07:31]} 24. Qc2 {[%clk 0:09:33]} Nf5 {[%clk 0:07:01]} 25. Rd1
{[%clk 0:08:29]} Nd4 {[%clk 0:06:40]} 26. Nxd4 {[%clk 0:08:38]} Qxd4
{[%clk 0:06:49]} 27. h3 {[%clk 0:08:44]} Qb4 {[%clk 0:06:36]} 28. Qd2
{[%clk 0:07:23]} Qxd2 {[%clk 0:05:05]} 29. Rxd2 {[%clk 0:07:32]} Re1+
{[%clk 0:05:11]} 30. Kh2 {[%clk 0:07:42]} Rc1 {[%clk 0:05:08]} 31. Kg3
{[%clk 0:07:34]} Kg7 {[%clk 0:05:04]} 32. Rd4 {[%clk 0:06:37]} Rc5
{[%clk 0:05:01]} 33. Ra4 {[%clk 0:06:27]} a5 {[%clk 0:05:01]} 34. Kf4
{[%clk 0:06:34]} Kf6 {[%clk 0:05:06]} 35. Ke4 {[%clk 0:05:45]} Ke6
{[%clk 0:05:10]} 36. h4 {[%clk 0:04:57]} h5 {[%clk 0:05:00]} 37. g3
{[%clk 0:05:00]} f6 {[%clk 0:04:17]} 38. Kd3 {[%clk 0:04:45]} Rf5
{[%clk 0:03:46]} 39. Re4+ {[%clk 0:03:16]} Kd6 {[%clk 0:03:24]} 40. f4
{[%clk 0:02:48]} g5 {[%clk 0:02:55]} 41. Rd4+ {[%clk 0:02:20]} Ke6
{[%clk 0:02:54]} 42. Ke4 {[%clk 0:02:02]} Rb5 {[%clk 0:02:38]} 43. Rc4
{[%clk 0:01:25]} Kd6 {[%clk 0:02:34]} 44. Rd4+ {[%clk 0:01:17]} Ke6
{[%clk 0:02:41]} 45. Rc4 {[%clk 0:00:46]} Kd6 {[%clk 0:02:49]} 46. Rd4+ 1/2-1/2

[Event "Team Championship of Russia (rapid)"]
[Site "Sochi"]
[Date "2015.05.09"]
[Round "9.4"]
[White "Inarkiev, Ernesto"]
[Black "Cherniaev, Alexander"]
[Result "1-0"]
[LiveChessVersion "1.4.4"]
[BlackElo "2656"]
[WhiteElo "2611"]
[BlackTeam "University"]
[WhiteTeam "SHSM-Our Heritage-1"]

1. d4 {[%clk 0:15:18]} Nf6 {[%clk 0:15:17]} 2. c4 {[%clk 0:15:27]} d6
{[%clk 0:15:25]} 3. Nf3 {[%clk 0:15:31]} g6 {[%clk 0:15:33]} 4. Nc3
{[%clk 0:15:38]} Bf5 {[%clk 0:15:41]} 5. e3 {[%clk 0:15:29]} Bg7 {[%clk 0:15:45]}
6. Bd3 {[%clk 0:15:38]} Bxd3 {[%clk 0:15:45]} 7. Qxd3 {[%clk 0:15:47]} Nbd7
{[%clk 0:15:33]} 8. e4 {[%clk 0:15:35]} e5 {[%clk 0:15:38]} 9. d5
{[%clk 0:15:43]} Nc5 {[%clk 0:15:38]} 10. Qe2 {[%clk 0:15:20]} a5
{[%clk 0:15:44]} 11. O-O {[%clk 0:15:20]} O-O {[%clk 0:15:50]} 12. g3
{[%clk 0:15:20]} Qd7 {[%clk 0:13:22]} 13. Kg2 {[%clk 0:14:57]} Rfb8
{[%clk 0:12:25]} 14. Rd1 {[%clk 0:13:12]} h6 {[%clk 0:10:28]} 15. Qc2
{[%clk 0:11:57]} c6 {[%clk 0:10:25]} 16. Be3 {[%clk 0:11:59]} Na6
{[%clk 0:09:39]} 17. Na4 {[%clk 0:09:29]} Nb4 {[%clk 0:08:33]} 18. Qe2
{[%clk 0:09:00]} Qg4 {[%clk 0:04:09]} 19. a3 {[%clk 0:08:38]} Na6
{[%clk 0:03:08]} 20. Nb6 {[%clk 0:08:47]} Qxe4 {[%clk 0:03:14]} 21. Nxa8
{[%clk 0:06:39]} Rxa8 {[%clk 0:03:20]} 22. dxc6 {[%clk 0:06:46]} Qxc6
{[%clk 0:03:16]} 23. b4 {[%clk 0:06:55]} Nb8 {[%clk 0:02:33]} 24. b5
{[%clk 0:06:28]} Qc7 {[%clk 0:02:42]} 25. Qd2 {[%clk 0:05:37]} Nbd7
{[%clk 0:02:45]} 26. Bxh6 {[%clk 0:04:58]} Qxc4 {[%clk 0:02:54]} 27. Bxg7
{[%clk 0:04:55]} Kxg7 {[%clk 0:03:02]} 28. Qxd6 {[%clk 0:04:56]} e4
{[%clk 0:00:50]} 29. Nd4 {[%clk 0:04:43]} Re8 {[%clk 0:00:38]} 30. Rac1
{[%clk 0:04:49]} Qa4 {[%clk 0:00:47]} 31. Rc7 {[%clk 0:04:34]} Ne5
{[%clk 0:00:16]} 32. Rdc1 {[%clk 0:03:55]} 1-0

[Event "Team Championship of Russia (rapid)"]
[Site "Sochi"]
[Date "2015.05.09"]
[Round "9.5"]
[White "Svidler, Peter"]
[Black "Malakhov, Vladimir"]
[Result "0-1"]
[LiveChessVersion "1.4.4"]
[BlackElo "2729"]
[WhiteElo "2649"]
[BlackTeam "Malachite"]
[WhiteTeam "The Bronze Horseman"]

1. e4 {[%clk 0:15:19]} e5 {[%clk 0:15:17]} 2. Nf3 {[%clk 0:15:28]} Nc6
{[%clk 0:15:25]} 3. Bb5 {[%clk 0:15:36]} Nf6 {[%clk 0:15:32]} 4. d3
{[%clk 0:15:44]} Bc5 {[%clk 0:15:39]} 5. c3 {[%clk 0:15:46]} O-O {[%clk 0:15:46]}
6. O-O {[%clk 0:15:53]} Re8 {[%clk 0:15:54]} 7. Bg5 {[%clk 0:15:43]} h6
{[%clk 0:16:00]} 8. Bh4 {[%clk 0:15:52]} Bf8 {[%clk 0:16:08]} 9. Nbd2
{[%clk 0:15:54]} d6 {[%clk 0:16:16]} 10. Re1 {[%clk 0:15:59]} Bd7
{[%clk 0:16:21]} 11. Nf1 {[%clk 0:15:23]} Be7 {[%clk 0:15:34]} 12. Ne3
{[%clk 0:15:22]} Ng4 {[%clk 0:14:40]} 13. Bg3 {[%clk 0:14:56]} Nxe3
{[%clk 0:14:39]} 14. Rxe3 {[%clk 0:15:04]} Bf6 {[%clk 0:14:26]} 15. d4
{[%clk 0:14:33]} Nxd4 {[%clk 0:13:48]} 16. Bxd7 {[%clk 0:12:45]} Nxf3+
{[%clk 0:13:56]} 17. Rxf3 {[%clk 0:12:51]} Qxd7 {[%clk 0:14:03]} 18. c4
{[%clk 0:13:00]} Qe6 {[%clk 0:11:56]} 19. Rc3 {[%clk 0:12:28]} c6
{[%clk 0:11:07]} 20. Qb3 {[%clk 0:12:23]} Rab8 {[%clk 0:10:46]} 21. Rd1
{[%clk 0:12:24]} Bd8 {[%clk 0:09:51]} 22. Qa3 {[%clk 0:11:46]} Bb6
{[%clk 0:09:52]} 23. Rxd6 {[%clk 0:11:40]} Rbd8 {[%clk 0:09:42]} 24. Rxd8
{[%clk 0:11:33]} Rxd8 {[%clk 0:09:51]} 25. Qb3 {[%clk 0:09:27]} Rd4
{[%clk 0:06:46]} 26. Kf1 {[%clk 0:08:34]} Qd7 {[%clk 0:04:47]} 27. Re3
{[%clk 0:08:25]} Rd1+ {[%clk 0:03:47]} 28. Re1 {[%clk 0:08:31]} Rxe1+
{[%clk 0:03:40]} 29. Kxe1 {[%clk 0:08:38]} Ba5+ {[%clk 0:03:49]} 30. Ke2
{[%clk 0:08:27]} Qd2+ {[%clk 0:03:58]} 31. Kf3 {[%clk 0:08:36]} Bb6
{[%clk 0:04:02]} 32. h4 {[%clk 0:08:02]} h5 {[%clk 0:03:55]} 33. a4
{[%clk 0:06:44]} Bd4 {[%clk 0:04:00]} 0-1

[Event "Team Championship of Russia (rapid)"]
[Site "Sochi"]
[Date "2015.05.09"]
[Round "9.6"]
[White "Lysyj, Igor"]
[Black "Matlakov, Maxim"]
[Result "0-1"]
[LiveChessVersion "1.4.4"]
[BlackElo "2647"]
[WhiteElo "2647"]
[BlackTeam "The Bronze Horseman"]
[WhiteTeam "Malachite"]

1. d4 {[%clk 0:15:10]} d5 {[%clk 0:15:14]} 2. c4 {[%clk 0:15:19]} c6
{[%clk 0:15:22]} 3. Nf3 {[%clk 0:15:28]} Nf6 {[%clk 0:15:30]} 4. e3
{[%clk 0:15:37]} Bf5 {[%clk 0:15:08]} 5. Nc3 {[%clk 0:15:44]} e6 {[%clk 0:15:17]}
6. Nh4 {[%clk 0:15:53]} Be4 {[%clk 0:15:16]} 7. f3 {[%clk 0:15:59]} Bg6
{[%clk 0:15:25]} 8. g3 {[%clk 0:16:07]} Be7 {[%clk 0:15:18]} 9. a3
{[%clk 0:16:03]} Nbd7 {[%clk 0:15:03]} 10. Nxg6 {[%clk 0:15:33]} hxg6
{[%clk 0:15:12]} 11. c5 {[%clk 0:15:28]} e5 {[%clk 0:14:02]} 12. b4
{[%clk 0:15:29]} Nh7 {[%clk 0:13:42]} 13. b5 {[%clk 0:11:38]} Bf6
{[%clk 0:13:34]} 14. bxc6 {[%clk 0:11:12]} bxc6 {[%clk 0:13:43]} 15. Qa4
{[%clk 0:11:17]} O-O {[%clk 0:12:38]} 16. Bd2 {[%clk 0:11:11]} Ng5
{[%clk 0:11:30]} 17. Kf2 {[%clk 0:09:17]} exd4 {[%clk 0:09:58]} 18. exd4
{[%clk 0:09:25]} Ne6 {[%clk 0:10:06]} 19. Qxc6 {[%clk 0:09:29]} Bxd4+
{[%clk 0:09:59]} 20. Kg2 {[%clk 0:09:38]} Ne5 {[%clk 0:09:31]} 21. Qd6
{[%clk 0:09:07]} Qf6 {[%clk 0:08:46]} 22. Be2 {[%clk 0:06:48]} Bxc5
{[%clk 0:08:41]} 23. Qa6 {[%clk 0:06:53]} Rad8 {[%clk 0:08:14]} 24. Rad1
{[%clk 0:06:38]} Rd6 {[%clk 0:06:34]} 25. Qa4 {[%clk 0:06:34]} Nd4
{[%clk 0:06:26]} 26. Bf4 {[%clk 0:03:29]} g5 {[%clk 0:06:21]} 27. Bxe5
{[%clk 0:03:01]} Qxe5 {[%clk 0:06:30]} 28. Rhe1 {[%clk 0:03:00]} Nf5
{[%clk 0:05:12]} 29. Rd3 {[%clk 0:02:58]} Rh6 {[%clk 0:05:10]} 30. f4
{[%clk 0:02:38]} Ne3+ {[%clk 0:04:48]} 31. Kh1 {[%clk 0:02:47]} Qf5
{[%clk 0:04:48]} 0-1

[Event "Team Championship of Russia (rapid)"]
[Site "Sochi"]
[Date "2015.05.09"]
[Round "9.7"]
[White "Fedoseev, Vladimir"]
[Black "Riazantsev, Alexander"]
[Result "1-0"]
[LiveChessVersion "1.4.4"]
[BlackElo "2605"]
[WhiteElo "2659"]
[BlackTeam "Malachite"]
[WhiteTeam "The Bronze Horseman"]

1. Nf3 {[%clk 0:15:18]} d5 {[%clk 0:15:18]} 2. g3 {[%clk 0:15:26]} c6
{[%clk 0:15:27]} 3. Bg2 {[%clk 0:15:35]} Bf5 {[%clk 0:15:36]} 4. O-O
{[%clk 0:15:43]} e6 {[%clk 0:15:45]} 5. d3 {[%clk 0:15:52]} Nf6 {[%clk 0:15:51]}
6. Nh4 {[%clk 0:15:25]} Bg4 {[%clk 0:15:57]} 7. h3 {[%clk 0:15:31]} Bh5
{[%clk 0:16:06]} 8. Qe1 {[%clk 0:15:37]} Be7 {[%clk 0:15:28]} 9. e4
{[%clk 0:15:22]} Nfd7 {[%clk 0:15:03]} 10. Bf3 {[%clk 0:14:53]} Bxf3
{[%clk 0:14:51]} 11. Nxf3 {[%clk 0:15:01]} O-O {[%clk 0:14:58]} 12. Qe2
{[%clk 0:14:52]} c5 {[%clk 0:14:59]} 13. c3 {[%clk 0:13:35]} Nc6 {[%clk 0:15:02]}
14. Na3 {[%clk 0:13:32]} a6 {[%clk 0:13:51]} 15. Nc2 {[%clk 0:13:26]} b5
{[%clk 0:13:22]} 16. exd5 {[%clk 0:13:34]} exd5 {[%clk 0:13:31]} 17. d4
{[%clk 0:13:43]} c4 {[%clk 0:13:04]} 18. Ne3 {[%clk 0:12:43]} Nb6
{[%clk 0:13:13]} 19. Nf5 {[%clk 0:12:09]} Re8 {[%clk 0:13:22]} 20. Ne5
{[%clk 0:11:42]} Nxe5 {[%clk 0:09:35]} 21. dxe5 {[%clk 0:11:42]} Bf8
{[%clk 0:09:45]} 22. f4 {[%clk 0:10:06]} Na4 {[%clk 0:06:43]} 23. Be3
{[%clk 0:09:31]} g6 {[%clk 0:06:52]} 24. Nd4 {[%clk 0:09:11]} Nc5
{[%clk 0:06:58]} 25. Kh2 {[%clk 0:09:00]} Nd3 {[%clk 0:07:02]} 26. Nf3
{[%clk 0:07:27]} b4 {[%clk 0:06:39]} 27. cxb4 {[%clk 0:07:27]} Bxb4
{[%clk 0:06:39]} 28. Bd4 {[%clk 0:07:36]} Rb8 {[%clk 0:06:14]} 29. Qe3
{[%clk 0:07:29]} Qc8 {[%clk 0:06:06]} 30. f5 {[%clk 0:06:32]} Bc5
{[%clk 0:03:28]} 31. e6 {[%clk 0:06:39]} Rxb2+ {[%clk 0:03:14]} 32. Kh1
{[%clk 0:06:47]} f6 {[%clk 0:01:34]} 33. fxg6 {[%clk 0:06:29]} Qxe6
{[%clk 0:01:19]} 34. Qh6 {[%clk 0:06:37]} Rb7 {[%clk 0:01:18]} 35. Rab1
{[%clk 0:04:51]} Rg7 {[%clk 0:01:15]} 36. Ng5 {[%clk 0:04:59]} Qe2
{[%clk 0:00:15]} 37. gxh7+ {[%clk 0:04:51]} Kh8 {[%clk 0:00:24]} 38. Bxf6
{[%clk 0:04:44]} 1-0